[Event "Gibraltar Challengers op-B"]
[Site "Caleta"]
[Date "2020.01.26"]
[Round "2"]
[White "Ruiz Buendia, Miguel"]
[Black "Verhoef, Jaap"]
[Result "1-0"]
[WhiteElo "1917"]
[BlackElo "2015"]
[PlyCount "63"]
[EventDate "2020.01.25"]
[EventType "swiss"]
[EventRounds "5"]
[EventCountry "GGB"]
[SourceTitle "CBM 194 Extra"]
[Source "ChessBase"]
[SourceDate "2020.03.31"]
[SourceVersion "1"]
[SourceVersionDate "2020.03.31"]
[SourceQuality "1"]

1. e4 e5 2. Nc3 Nc6 3. Bc4 Nf6 4. d3 Bb4 5. Nge2 d5 6. exd5 Nxd5 7. 0-0 Be6 8. Bxd5 Bxd5 9. f4 Qd7 10. fxe5 Nxe5 11. Nxd5 Qxd5 12. Nf4 Qd6 13. d4 0-0-0 14. c3 Ba5 15. b4 Bb6 16. Kh1 h5 17. a4 c6 18. Qb3 Ng4 19. h3 g5 20. a5 Bc7 21. b5 gxf4 22. Bxf4 Qg6 23. b6 Bb8 24. Bxb8 Ne3 25. Rf2 Kxb8 26. a6 axb6 27. Qxb6 Rd7 28. Rb2 Nc4 29. Qa7+ Kxa7 30. axb7+ Kb8 31. Ra8+ Kc7 32. Rxh8 1-0

[Event "Gibraltar Challengers op-A"]
[Site "Caleta"]
[Date "2020.01.21"]
[Round "2"]
[White "Verhoef, Jaap"]
[Black "O'Neil, Jim"]
[Result "1/2-1/2"]
[WhiteElo "2015"]
[BlackElo "1870"]
[PlyCount "129"]
[EventDate "2020.01.20"]
[EventType "swiss"]
[EventRounds "5"]
[EventCountry "GGB"]
[SourceTitle "CBM 194 Extra"]
[Source "ChessBase"]
[SourceDate "2020.03.31"]
[SourceVersion "1"]
[SourceVersionDate "2020.03.31"]
[SourceQuality "1"]

1. e4 c5 2. Nf3 d6 3. d4 cxd4 4. Nxd4 Nf6 5. Nc3 a6 6. Bg5 e6 7. f4 Be7 8. Qf3 Nbd7 9. Bc4 h6 10. Bxf6 Nxf6 11. f5 e5 12. Nde2 b5 13. Bb3 Bb7 14. Ng3 Rc8 15. Nh5 Nxh5 16. Qxh5 0-0 17. 0-0-0 Rxc3 18. bxc3 Qa5 19. Rd3 Bxe4 20. Rg3 Bg5+ 21. Rxg5 hxg5 22. Qxg5 Qd8 23. Qg4 d5 24. Rf1 Qf6 25. Qd1 Rd8 26. g4 Qh6+ 27. Qd2 f6 28. Re1 Kf8 29. h4 Qxd2+ 30. Kxd2 Ke7 31. Ke3 Rh8 32. h5 Rc8 33. Kd2 Kd6 34. Re3 Bg2 35. Rg3 Be4 36. g5 Bxf5 37. gxf6 gxf6 38. Rf3 Be6 39. Rxf6 e4 40. h6 Rh8 41. Rg6 Ke5 42. Rg5+ Kf6 43. Rh5 Kg6 44. Re5 Bf7 45. Ke3 Kf6 46. Kd4 Rd8 47. h7 Kg7 48. Rf5 Rd7 49. Rxf7+ Rxf7 50. Bxd5 Rd7 51. Kxe4 Kxh7 52. c4 bxc4 53. Bxc4 a5 54. Bd5 Kg7 55. Ke5 Kf8 56. c4 Ke7 57. c5 Kd8 58. c6 Rh7 59. Kd6 Rc7 60. a4 Ra7 61. Be6 Rc7 62. Kc5 Re7 63. Kd6 Rc7 64. Bd7 Rxd7+ 65. cxd7 1/2-1/2

[Event "Steyr Landesliga 1920"]
[Site "Austria"]
[Date "2019.11.23"]
[Round "5.7"]
[White "Hofbauer, Karl"]
[Black "Verhoef, Jaap"]
[Result "1-0"]
[WhiteElo "1947"]
[BlackElo "2019"]
[PlyCount "68"]
[EventDate "2019.09.28"]
[EventType "team-tourn"]
[EventRounds "11"]
[EventCountry "AUT"]
[SourceTitle "CBM 193 Extra"]
[Source "ChessBase"]
[SourceDate "2020.01.31"]
[SourceVersion "1"]
[SourceVersionDate "2020.01.31"]
[SourceQuality "1"]
[WhiteTeam "Krieglach Windheimat"]
[BlackTeam "Gamlitz"]
[WhiteTeamCountry "AUT"]
[BlackTeamCountry "AUT"]

1. d4 Nf6 2. Nf3 c5 3. e3 d5 4. Be2 Nc6 5. 0-0 Bf5 6. c4 e6 7. cxd5 exd5 8. a3 c4 9. Nc3 Ne4 10. Nxe4 Bxe4 11. Bd2 Bd6 12. Bc3 h5 13. b3 b5 14. bxc4 bxc4 15. Qa4 Qd7 16. Nd2 Bd3 17. Bxd3 cxd3 18. Qa6 Rh6 19. Qxd3 Rg6 20. f4 Qh3 21. Qe2 Ne7 22. Rf3 Qf5 23. e4 dxe4 24. Qxe4 Rc8 25. Re1 Re6 26. Qb1 Qxb1 27. Rxb1 Nd5 28. f5 Re2 29. Ba5 Ne3 30. Rf2 Bxh2+ 31. Kxh2 Ng4+ 32. Kg1 Rxf2 33. Ne4 Rb2 34. Re1 Rcc2 1-0

[Event "Steyr Landesliga 1920"]
[Site "Austria"]
[Date "2019.10.19"]
[Round "3.6"]
[White "Verhoef, Jaap"]
[Black "Bratko, Alexander"]
[Result "1-0"]
[WhiteElo "2019"]
[BlackElo "1888"]
[PlyCount "53"]
[EventDate "2019.09.28"]
[EventType "team-tourn"]
[EventRounds "11"]
[EventCountry "AUT"]
[SourceTitle "CBM 193 Extra"]
[Source "ChessBase"]
[SourceDate "2020.01.31"]
[SourceVersion "1"]
[SourceVersionDate "2020.01.31"]
[SourceQuality "1"]
[WhiteTeam "Gamlitz"]
[BlackTeam "Baernbach"]
[WhiteTeamCountry "AUT"]
[BlackTeamCountry "AUT"]

1. e4 e5 2. Nf3 Nc6 3. Bc4 Nf6 4. d4 exd4 5. 0-0 Nxe4 6. Re1 d5 7. Bxd5 Qxd5 8. Nc3 Qa5 9. Nxd4 Nxd4 10. Qxd4 Be6 11. Qxe4 0-0-0 12. Bf4 Bd6 13. Bxd6 Rxd6 14. Rad1 Rhd8 15. Rxd6 Rxd6 16. Qxh7 Qb4 17. Qxg7 Qxb2 18. h4 Qxc2 19. h5 b6 20. h6 Bf5 21. Nb5 Rd1 22. Qe5 Kb7 23. Nd4 Qd2 24. Qd5+ Ka6 25. Qc4+ Kb7 26. Qc6+ Ka6 27. Qa4+ 1-0

[Event "Steyr Landesliga 1920"]
[Site "Austria"]
[Date "2019.10.05"]
[Round "2.5"]
[White "Kristoferitsch, Daniel"]
[Black "Verhoef, Jaap"]
[Result "1/2-1/2"]
[WhiteElo "2086"]
[BlackElo "2019"]
[PlyCount "57"]
[EventDate "2019.09.28"]
[EventType "team-tourn"]
[EventRounds "11"]
[EventCountry "AUT"]
[SourceTitle "CBM 193 Extra"]
[Source "ChessBase"]
[SourceDate "2020.01.31"]
[SourceVersion "1"]
[SourceVersionDate "2020.01.31"]
[SourceQuality "1"]
[WhiteTeam "Graz Schachfreunde"]
[BlackTeam "Gamlitz"]
[WhiteTeamCountry "AUT"]
[BlackTeamCountry "AUT"]

1. d4 Nf6 2. c4 c5 3. d5 e6 4. Nc3 exd5 5. cxd5 d6 6. e4 g6 7. h3 Bg7 8. Nf3 0-0 9. Bd3 a6 10. a4 Re8 11. 0-0 Nbd7 12. Re1 Ne5 13. Bf1 Nxf3+ 14. Qxf3 Nd7 15. Qg3 Bf6 16. Bf4 Ne5 17. Kh1 Qb6 18. a5 Qb4 19. Bc1 Bd7 20. f4 Nc4 21. Bxc4 Qxc4 22. e5 dxe5 23. fxe5 Bh4 24. Qe3 Bxe1 25. Qxe1 Qd4 26. Bg5 Rxe5 27. Qg3 Rae8 28. Bf6 Qe3 29. Bxe5 1/2-1/2

[Event "AUT-ch Seniors 65"]
[Site "Deutschlandsberg"]
[Date "2019.04.28"]
[Round "1.5"]
[White "Verhoef, Jaap"]
[Black "Kunschek, Horst"]
[Result "1-0"]
[WhiteElo "2008"]
[BlackElo "1785"]
[PlyCount "25"]
[EventDate "2019.04.28"]
[EventType "swiss"]
[EventRounds "7"]
[EventCountry "AUT"]
[SourceTitle "EXT 2024"]
[Source "ChessBase"]
[SourceDate "2023.10.10"]
[SourceVersion "1"]
[SourceVersionDate "2023.10.10"]
[SourceQuality "1"]

1. e4 e5 2. Nf3 Nc6 3. Bc4 Bc5 4. b4 Bxb4 5. c3 Ba5 6. d4 exd4 7. 0-0 Nge7 8. Ng5 0-0 9. Qh5 h6 10. Nxf7 Qe8 11. Nxh6+ Kh7 12. Nf7+ Kg8 13. Qh8# 1-0

[Event "AUT-ch Seniors 65"]
[Site "Deutschlandsberg"]
[Date "2018.04.22"]
[Round "1"]
[White "Verhoef, Jaap"]
[Black "Sackl, Ernst"]
[Result "0-1"]
[WhiteElo "1967"]
[BlackElo "1783"]
[PlyCount "36"]
[EventDate "2018.04.22"]
[EventType "swiss"]
[EventRounds "7"]
[EventCountry "AUT"]
[SourceTitle "CBM 184 Extra"]
[Source "ChessBase"]
[SourceDate "2018.06.28"]
[SourceVersion "1"]
[SourceVersionDate "2018.06.28"]
[SourceQuality "1"]

1. e4 e5 2. Nf3 Nc6 3. Bc4 Bc5 4. b4 Bxb4 5. c3 Bd6 6. d4 Nf6 7. Bg5 0-0 8. Nxe5 Bxe5 9. f4 Bxf4 10. Bxf4 h6 11. e5 Nh7 12. 0-0 Ne7 13. Bxh6 gxh6 14. Qh5 d5 15. exd6 Qxd6 16. Rxf7 Be6 17. Rxe7 Qxe7 18. Qg6+ Kh8 0-1

[Event "Weiz op 16th"]
[Site "Weiz"]
[Date "2017.06.18"]
[Round "5.5"]
[White "Verhoef, Jaap"]
[Black "Straschewski, Joerg"]
[Result "1/2-1/2"]
[WhiteElo "1941"]
[BlackElo "1906"]
[PlyCount "22"]
[EventDate "2017.06.15"]
[EventType "swiss"]
[EventRounds "5"]
[EventCountry "AUT"]
[SourceTitle "EXT 2024"]
[Source "ChessBase"]
[SourceDate "2023.10.10"]
[SourceVersion "1"]
[SourceVersionDate "2023.10.10"]
[SourceQuality "1"]

1. e4 e6 2. d4 d5 3. Nd2 c5 4. Ngf3 cxd4 5. exd5 Qxd5 6. Bc4 Qd6 7. 0-0 Nf6 8. Nb3 Nc6 9. Nbxd4 Nxd4 10. Nxd4 a6 11. Be3 Be7 1/2-1/2

[Event "Weiz op 15th"]
[Site "Weiz"]
[Date "2016.05.29"]
[Round "5"]
[White "Posch, Roland"]
[Black "Verhoef, Jaap"]
[Result "1-0"]
[WhiteElo "2083"]
[BlackElo "2048"]
[PlyCount "51"]
[EventDate "2016.05.26"]
[EventType "swiss"]
[EventRounds "5"]
[EventCountry "AUT"]
[SourceTitle "CBM 172 Extra"]
[Source "ChessBase"]
[SourceDate "2016.06.21"]
[SourceVersion "1"]
[SourceVersionDate "2016.06.21"]
[SourceQuality "1"]

1. e4 e5 2. Nf3 Nc6 3. Nc3 Nf6 4. d4 exd4 5. Nxd4 Bb4 6. Nxc6 bxc6 7. Bd3 d5 8. exd5 cxd5 9. 0-0 0-0 10. Bg5 c6 11. Qf3 Be7 12. h3 h6 13. Bf4 Bd6 14. Ne2 Ne4 15. Bxe4 dxe4 16. Qxe4 Re8 17. Qd3 Rxe2 18. Bxd6 Re6 19. Rfd1 Qb6 20. Qc3 Ba6 21. Be5 c5 22. Rd5 Rc8 23. Rad1 Bb7 24. Rd6 Rc6 25. Rd8+ Kh7 26. Bxg7 1-0

[Event "Graz op-A"]
[Site "Graz"]
[Date "2016.02.12"]
[Round "1"]
[White "Verhoef, Jaap"]
[Black "Nguyen, Piotr"]
[Result "0-1"]
[WhiteElo "2101"]
[BlackElo "2440"]
[PlyCount "54"]
[EventDate "2016.02.12"]
[EventType "swiss"]
[EventRounds "9"]
[EventCountry "AUT"]
[SourceTitle "CBM 170 Extra"]
[Source "ChessBase"]
[SourceDate "2016.02.25"]
[SourceVersion "1"]
[SourceVersionDate "2016.02.25"]
[SourceQuality "1"]

1. e4 g6 2. d4 Bg7 3. Nc3 d6 4. f4 a6 5. Nf3 b5 6. a3 Nd7 7. Bd3 c5 8. dxc5 Nxc5 9. 0-0 Nf6 10. e5 Ng4 11. h3 Nh6 12. g4 Ng8 13. Be3 Nxd3 14. Qxd3 h5 15. f5 hxg4 16. fxg6 gxf3 17. gxf7+ Kxf7 18. Rxf3+ Nf6 19. exf6 Bxf6 20. Raf1 Bxh3 21. Ne4 Bxf1 22. Ng5+ Ke8 23. Qg6+ Kd7 24. Qf5+ Kc6 25. Ne6 Qg8+ 26. Kxf1 Rh1+ 27. Ke2 Qh7 0-1